[Event "38th North Shore Open-A"]
[Site "North Shore"]
[Date "2012.09.22"]
[Round "1.2"]
[White "Li, Zuhao Luke"]
[Black "Wright, Caleb"]
[Result "1-0"]
[WhiteElo "2333"]
[BlackElo "1979"]
[PlyCount "71"]
[EventDate "2012.09.23"]
[EventType "swiss"]
[EventRounds "5"]
[EventCountry "NZL"]
[SourceDate "2012.09.22"]

1. d4 e6 2. c4 f5 3. Nf3 Nf6 4. Bf4 d6 5. e3 Be7 6. Bd3 O-O 7. h3 g6 8. Nc3
Nbd7 9. O-O Re8 10. e4 fxe4 11. Nxe4 Nxe4 12. Bxe4 Nf6 13. Bd3 Nh5 14. Bh2 Bf6
15. Re1 Bd7 16. Be4 Rb8 17. Qc2 Ng7 18. c5 Qe7 19. cxd6 cxd6 20. Qc7 d5 21.
Bxd5 Rbc8 22. Qxb7 Qd8 23. Be4 Nf5 24. Qxa7 Bc6 25. Bxc6 Rxc6 26. Be5 Bxe5 27.
Nxe5 Rc7 28. Qa4 Qc8 29. Ng4 Rd8 30. Qa5 Nxd4 31. Qe5 h5 32. Nf6+ Kf7 33. Ne4
Nc2 34. Rac1 Qd7 35. Re3 Qe7 36. Rf3+ 1-0

[Event "38th North Shore Open-A"]
[Site "North Shore"]
[Date "2012.09.22"]
[Round "1.3"]
[White "Johns, Daniel P"]
[Black "McLaren, Leonard J"]
[Result "0-1"]
[WhiteElo "1935"]
[BlackElo "2318"]
[PlyCount "94"]
[EventDate "2012.09.23"]
[EventType "swiss"]
[EventRounds "5"]
[EventCountry "NZL"]
[SourceDate "2012.09.22"]

1. e4 c5 2. Nf3 d6 3. d4 cxd4 4. Nxd4 Nf6 5. Nc3 e6 6. Be2 Nc6 7. Be3 Be7 8.
O-O O-O 9. f4 e5 10. fxe5 dxe5 11. Nxc6 bxc6 12. Qxd8 Rxd8 13. Rad1 Be6 14. a3
Ng4 15. Rxd8+ Bxd8 16. Bc5 Bg5 17. Rf3 Bc1 18. b3 Bb2 19. Na4 Bc1 20. Rd3 Nf6
21. Rd1 Bg5 22. Nc3 Nd7 23. Bf2 Be7 24. Bc4 Bg4 25. Ra1 Nb6 26. Bd3 Rd8 27. h3
Be6 28. b4 g6 29. Rd1 f5 30. Bg3 f4 31. Bf2 g5 32. Be2 Ra8 33. Ba6 Rb8 34. Be2
Kf7 35. Kf1 Nc4 36. Ra1 a5 37. Bc5 Bxc5 38. bxc5 Ne3+ 39. Kf2 Nxc2 40. Rb1 Rxb1
41. Nxb1 Nd4 42. Nc3 Nxe2 43. Kxe2 h5 44. Na4 g4 45. hxg4 hxg4 46. Nb6 Kf6 47.
Na8 Bc4+ 0-1

[Event "38th North Shore Open-A"]
[Site "North Shore"]
[Date "2012.09.22"]
[Round "1.4"]
[White "Steadman, Michael VR"]
[Black "Wells, Clinton A"]
[Result "1-0"]
[WhiteElo "2314"]
[BlackElo "1906"]
[PlyCount "61"]
[EventDate "2012.09.23"]
[EventType "swiss"]
[EventRounds "5"]
[EventCountry "NZL"]
[SourceDate "2012.09.22"]

1. d4 Nf6 2. c4 d6 3. Nc3 g6 4. e4 Bg7 5. Be2 Nbd7 6. Be3 e5 7. d5 h5 8. Nf3
Nf8 9. h3 c5 10. dxc6 bxc6 11. c5 d5 12. Nxe5 Nxe4 13. Nxc6 Nxc3 14. bxc3 Bxc3+
15. Kf1 Qc7 16. Rb1 Qxc6 17. Bb5 Ba6 18. a4 Ne6 19. Qd3 Bxb5 20. axb5 Qd7 21.
c6 Qd6 22. Qxc3 d4 23. Qb2 dxe3 24. Qxh8+ Ke7 25. Qxa8 Qd3+ 26. Kg1 exf2+ 27.
Kh2 Qd6+ 28. g3 f1=N+ 29. Rhxf1 Qd2+ 30. Kh1 Qd5+ 31. Kg1 1-0

[Event "38th North Shore Open-A"]
[Site "North Shore"]
[Date "2012.09.22"]
[Round "1.5"]
[White "Li, William Xiangwei"]
[Black "Pinic, Noel"]
[Result "0-1"]
[WhiteElo "1901"]
[BlackElo "2251"]
[PlyCount "72"]
[EventDate "2012.09.23"]
[EventType "swiss"]
[EventRounds "5"]
[EventCountry "NZL"]
[SourceDate "2012.09.22"]

1. e4 Nc6 2. d4 e5 3. d5 Nce7 4. Nf3 Ng6 5. Be3 Nf6 6. Bd3 Ng4 7. Bd2 Bc5 8.
O-O O-O 9. b4 Bb6 10. c4 d6 11. h3 Nf6 12. Nc3 Bd7 13. Na4 Nh5 14. Nxb6 axb6
15. Qb3 Nhf4 16. Bxf4 Nxf4 17. c5 Qf6 18. Bc4 b5 19. Bd3 Bxh3 20. g3 Ng6 21.
Bxb5 Bxf1 22. Bxf1 h5 23. Bg2 h4 24. Nxh4 Nxh4 25. gxh4 Qxh4 26. c6 b6 27. a4
f5 28. Qe3 fxe4 29. Bxe4 Rf4 30. f3 Qg3+ 31. Kf1 Raf8 32. Ra3 Rh4 33. Ke2 Rh1
34. Kd3 Re1 35. Qd2 Rxe4 36. Kxe4 Rf4+ 0-1

[Event "38th North Shore Open-A"]
[Site "North Shore"]
[Date "2012.09.22"]
[Round "1.6"]
[White "Duneas, John"]
[Black "Hair, Philip I"]
[Result "1-0"]
[WhiteElo "2226"]
[BlackElo "1895"]
[PlyCount "135"]
[EventDate "2012.09.23"]
[EventType "swiss"]
[EventRounds "5"]
[EventCountry "NZL"]
[SourceDate "2012.09.22"]

1. d4 Nf6 2. c4 d6 3. Nc3 c6 4. e4 e5 5. Nf3 Nbd7 6. Be2 Be7 7. O-O O-O 8. h3
Re8 9. Be3 Bf8 10. d5 Nc5 11. Qc2 a5 12. a3 Na6 13. dxc6 bxc6 14. Rfd1 Qc7 15.
Na4 Rb8 16. Rd2 Nc5 17. Nxc5 dxc5 18. Ne1 Be6 19. Bf3 Nd7 20. Rad1 Nb6 21. Be2
Rbd8 22. Rxd8 Rxd8 23. Rxd8 Qxd8 24. Qc3 Nd7 25. b3 Bd6 26. Bg4 Bxg4 27. hxg4
Bc7 28. Qd2 h6 29. f3 Qe7 30. a4 Kh7 31. Qd3 Kg8 32. Bd2 Kh8 33. Bc3 f6 34. Nc2
Nf8 35. Ne3 g6 36. Nf1 Ne6 37. Qd2 Kg7 38. Bxa5 Nd4 39. Bxc7 Qxc7 40. Qd3 Qb7
41. Nd2 Qb4 42. Kf2 Kh7 43. g3 Kg7 44. f4 Kh7 45. g5 hxg5 46. fxg5 f5 47. Ke3
fxe4 48. Kxe4 Qb8 49. Nf3 Qe8 50. g4 Qe7 51. Qe3 Kg7 52. Nxe5 Ne6 53. Kd3 Nxg5
54. Nxc6 Qd7+ 55. Kc2 Qxg4 56. Qxc5 Qe2+ 57. Kb1 Ne4 58. Qd4+ Kh6 59. Kc1 g5
60. Ne5 Qe1+ 61. Kb2 Qe2+ 62. Ka3 Nd2 63. Qd6+ Kh5 64. Qg6+ Kh4 65. Qh6+ Kg3
66. Qxg5+ Kf2 67. Ng4+ Ke1 68. Qe3 1-0

[Event "38th North Shore Open-A"]
[Site "North Shore"]
[Date "2012.09.22"]
[Round "1.7"]
[White "Seabrook, Roy"]
[Black "Gao, Hans"]
[Result "0-1"]
[WhiteElo "1885"]
[BlackElo "2189"]
[PlyCount "88"]
[EventDate "2012.09.23"]
[EventType "swiss"]
[EventRounds "5"]
[EventCountry "NZL"]
[SourceDate "2012.09.22"]

1. e4 c5 2. Nf3 d6 3. c3 Nf6 4. Bd3 Nc6 5. h3 g6 6. Bc2 Bg7 7. d4 Nd7 8. Be3
Qb6 9. Bb3 O-O 10. O-O Qc7 11. a4 Na5 12. Ba2 b6 13. Nbd2 Bb7 14. b4 Nc6 15.
Rc1 Rac8 16. Qb3 h6 17. Rc2 e6 18. Rb1 Ne7 19. Rbc1 Ba8 20. Bf4 e5 21. dxe5
Nxe5 22. Nxe5 dxe5 23. Be3 Kh7 24. f3 f5 25. bxc5 bxc5 26. Qc4 Qc6 27. exf5
Nxf5 28. Bf2 Nd6 29. Qe2 Qxa4 30. Nb3 Qa3 31. c4 a5 32. Rd1 Nf5 33. Rd7 a4 34.
Ra7 Rfe8 35. Rxa8 Rxa8 36. Bxc5 axb3 37. Bxa3 bxc2 38. Qxc2 Rxa3 39. c5 Nd4 40.
Qc4 Rea8 41. Bb1 Rc3 42. Qd5 Ra1 43. f4 Rxb1+ 44. Kh2 exf4 0-1

[Event "38th North Shore Open-A"]
[Site "North Shore"]
[Date "2012.09.22"]
[Round "1.8"]
[White "Krstev, Antonio"]
[Black "Lyall, Simon"]
[Result "1-0"]
[WhiteElo "2175"]
[BlackElo "1880"]
[PlyCount "53"]
[EventDate "2012.09.23"]
[EventType "swiss"]
[EventRounds "5"]
[EventCountry "NZL"]
[SourceDate "2012.09.22"]

1. d4 d5 2. c4 c6 3. Nc3 Nf6 4. f3 dxc4 5. a4 e6 6. e4 Bb4 7. Bxc4 O-O 8. Bg5
h6 9. Bh4 g5 10. Bf2 Nbd7 11. Nge2 Qc7 12. h4 g4 13. e5 Nd5 14. Qd2 Kg7 15.
fxg4 f5 16. gxf5 exf5 17. Bxd5 cxd5 18. Nf4 Nb6 19. Rh3 Nc4 20. Qe2 Qc6 21.
Rg3+ Kf7 22. Qh5+ Ke7 23. Rg6 Bxc3+ 24. bxc3 Qe8 25. Qxh6 Rh8 26. Rg7+ Kd8 27.
Qg5+ 1-0

[Event "38th North Shore Open-A"]
[Site "North Shore"]
[Date "2012.09.22"]
[Round "1.9"]
[White "Zhang, William Jiewen"]
[Black "Dordevic, Ivan"]
[Result "0-1"]
[WhiteElo "1864"]
[BlackElo "2149"]
[PlyCount "50"]
[EventDate "2012.09.23"]
[EventType "swiss"]
[EventRounds "5"]
[EventCountry "NZL"]
[SourceDate "2012.09.22"]

1. e4 c5 2. Nc3 Nc6 3. Nge2 g6 4. g3 Bg7 5. Bg2 e6 6. O-O Nge7 7. d3 O-O 8. f4
d6 9. h3 Rb8 10. a4 a6 11. Be3 Nd4 12. Qd2 b5 13. Bxd4 cxd4 14. Nd1 b4 15. g4
Bd7 16. Ng3 Qc7 17. b3 a5 18. f5 Be5 19. Ne2 exf5 20. exf5 gxf5 21. Qg5+ Kh8
22. gxf5 Rg8 23. Qh5 Bc6 24. Rf2 Qb7 25. Qxf7 Bxg2 0-1

[Event "38th North Shore Open-A"]
[Site "North Shore"]
[Date "2012.09.22"]
[Round "1.10"]
[White "Koop, Thorben"]
[Black "Yao, Winston"]
[Result "1-0"]
[WhiteElo "2127"]
[BlackElo "1846"]
[PlyCount "65"]
[EventDate "2012.09.23"]
[EventType "swiss"]
[EventRounds "5"]
[EventCountry "NZL"]
[SourceDate "2012.09.22"]

1. f4 c5 2. Nf3 g6 3. e4 Bg7 4. Bc4 Nc6 5. Nc3 d6 6. O-O Nf6 7. d3 Bg4 8. h3
Bxf3 9. Qxf3 Nd4 10. Qf2 Nd7 11. f5 Nf6 12. g4 h6 13. Be3 Nc6 14. fxg6 fxg6 15.
Nd5 Ne5 16. Bb5+ Nc6 17. Nf4 Bf8 18. Ne6 Qb6 19. e5 dxe5 20. Bxc5 Qa5 21. b4
Qa3 22. Bxc6+ bxc6 23. Nc7+ Kd7 24. Nxa8 Bg7 25. b5 Qa5 26. bxc6+ Ke6 27. Rab1
Rxa8 28. Rb7 Bf8 29. Bxe7 Bxe7 30. Rxe7+ Kd5 31. c4+ Kxc6 32. Qxf6+ Kc5 33.
Rxe5+ 1-0

[Event "38th North Shore Open-A"]
[Site "North Shore"]
[Date "2012.09.22"]
[Round "1.11"]
[White "Ang, Alphaeus Wei Ern"]
[Black "Yang, Scott"]
[Result "0-1"]
[WhiteElo "1814"]
[BlackElo "2103"]
[PlyCount "86"]
[EventDate "2012.09.23"]
[EventType "swiss"]
[EventRounds "5"]
[EventCountry "NZL"]
[SourceDate "2012.09.22"]

1. d4 d5 2. Nc3 Nf6 3. Bf4 c6 4. e3 Bf5 5. Bd3 Bg6 6. Nf3 e6 7. O-O Bd6 8. Bxd6
Qxd6 9. Re1 Nbd7 10. e4 dxe4 11. Nxe4 Nxe4 12. Bxe4 Nf6 13. Bd3 Bh5 14. c3 g5
15. Be2 h6 16. Ne5 Bxe2 17. Qxe2 h5 18. Qe3 Rg8 19. Qf3 Ke7 20. c4 g4 21. Qf4
Rad8 22. Rad1 h4 23. g3 Rg7 24. d5 hxg3 25. dxe6 Qxd1 26. Rxd1 Rxd1+ 27. Kg2
gxh2 28. Kxh2 Rh7+ 29. Kg2 Rhh1 30. f3 Rhg1+ 31. Kf2 g3+ 32. Qxg3 Rxg3 33. Kxg3
Kxe6 34. Ng4 Nxg4 35. Kxg4 Rd2 36. b4 Rxa2 37. c5 Ra4 38. f4 Rxb4 39. Kg5 a5
40. f5+ Ke7 41. f6+ Ke6 42. Kh5 Kxf6 43. Kh6 Rh4# 0-1

[Event "38th North Shore Open-A"]
[Site "North Shore"]
[Date "2012.09.22"]
[Round "1.12"]
[White "Milligan, Helen"]
[Black "Zhang, Leo"]
[Result "1-0"]
[WhiteElo "2099"]
[BlackElo "1771"]
[PlyCount "81"]
[EventDate "2012.09.23"]
[EventType "swiss"]
[EventRounds "5"]
[EventCountry "NZL"]
[SourceDate "2012.09.22"]

1. e4 c5 2. Nf3 d6 3. Bb5+ Bd7 4. Bxd7+ Qxd7 5. O-O Nc6 6. d4 cxd4 7. Nxd4 Nf6
8. Nc3 g6 9. f3 Bg7 10. Be3 O-O 11. Qd2 Rac8 12. Nce2 Rfd8 13. Rac1 Ne5 14. b3
d5 15. exd5 Nxd5 16. Bf2 Nc6 17. Nxc6 Qxc6 18. c4 Nb6 19. Qc2 Rd7 20. Rcd1 Rcd8
21. Ng3 Bd4 22. Bxd4 Rxd4 23. Rxd4 Qc5 24. Ne2 e5 25. b4 Qc7 26. Rxd8+ Qxd8 27.
Rd1 Qc7 28. Qd3 Qc6 29. c5 Na4 30. Qd6 Qxd6 31. cxd6 Nb6 32. d7 Nxd7 33. Rxd7
Kf8 34. Rxb7 f5 35. Rxa7 e4 36. b5 Ke8 37. b6 Kd8 38. Rxh7 Kc8 39. Nd4 e3 40.
Nc6 e2 41. b7# 1-0

[Event "38th North Shore Open-A"]
[Site "North Shore"]
[Date "2012.09.22"]
[Round "1.13"]
[White "Budd, Michael"]
[Black "Lim, Benjamin U"]
[Result "0-1"]
[WhiteElo "1794"]
[BlackElo "2056"]
[PlyCount "104"]
[EventDate "2012.09.23"]
[EventType "swiss"]
[EventRounds "5"]
[EventCountry "NZL"]
[SourceDate "2012.09.22"]

1. d4 Nf6 2. c4 g6 3. Nf3 Bg7 4. Nc3 O-O 5. e4 d6 6. Be2 e5 7. dxe5 dxe5 8.
Qxd8 Rxd8 9. Bg5 c6 10. O-O Re8 11. Rad1 h6 12. Bc1 Na6 13. Rfe1 Nh5 14. Nh4
Nf4 15. Bxf4 exf4 16. Nf3 Nc5 17. Bd3 Be6 18. e5 Bg4 19. Ne4 Bxf3 20. gxf3 Nxe4
21. Rxe4 Bxe5 22. Rde1 f6 23. R4e2 Kf7 24. c5 Red8 25. Bc4+ Kg7 26. b4 Rd4 27.
Re4 Rad8 28. Rxd4 Rxd4 29. Re4 Rd2 30. Re2 Rxe2 31. Bxe2 Kf7 32. b5 Ke7 33.
bxc6 bxc6 34. Bd3 g5 35. Kg2 Bd4 36. Be4 Kd7 37. Kh3 h5 38. Kg2 h4 39. Kf1 Bxc5
40. Ke2 Kd6 41. h3 Bd4 42. Bg6 Ke5 43. Bf7 Bb6 44. Kd3 Bxf2 45. Kc4 f5 46. Be8
c5 47. Bd7 g4 48. fxg4 fxg4 49. Bxg4 Ke4 50. Bh5 Bd4 51. Bg6+ Ke3 52. Bd3 f3
0-1

[Event "38th North Shore Open-A"]
[Site "North Shore"]
[Date "2012.09.22"]
[Round "1.14"]
[White "Gunn, Neil J"]
[Black "Timergazi, Layla"]
[Result "1/2-1/2"]
[WhiteElo "2014"]
[BlackElo "1755"]
[PlyCount "99"]
[EventDate "2012.09.23"]
[EventType "swiss"]
[EventRounds "5"]
[EventCountry "NZL"]
[SourceDate "2012.09.22"]

1. Nf3 d5 2. d3 Nf6 3. Nbd2 c6 4. g3 g6 5. Bg2 Bg7 6. O-O Nbd7 7. e4 dxe4 8.
dxe4 Qc7 9. Re1 e6 10. Nc4 O-O 11. Bf4 Qd8 12. Bd6 Re8 13. c3 b5 14. Nce5 Bb7
15. Bh3 Nxe5 16. Nxe5 Qb6 17. Qd4 Red8 18. Qc5 Ne8 19. Qxb6 axb6 20. Be7 Rd2
21. Nf3 Rxb2 22. Red1 c5 23. Rd8 Rxd8 24. Bxd8 Bxe4 25. Bg2 Rb1+ 26. Rxb1 Bxb1
27. Bxb6 Bxc3 28. Bxc5 Bxa2 29. Nd4 b4 30. Nb5 Ba1 31. Bxb4 Nf6 32. Bc3 Bxc3
33. Nxc3 Bd5 34. Bf1 Kf8 35. f4 Ke7 36. Be2 Kd6 37. Kf2 Ne4+ 38. Nxe4+ Bxe4 39.
Ke3 f5 40. Bc4 Bd5 41. Bd3 h6 42. h4 Ke7 43. Be2 Kf6 44. Bd1 g5 45. hxg5+ hxg5
46. Be2 e5 47. fxe5+ Kxe5 48. Bd1 f4+ 49. gxf4+ gxf4+ 50. Kf2 1/2-1/2

[Event "38th North Shore Open-A"]
[Site "North Shore"]
[Date "2012.09.22"]
[Round "2.1"]
[White "Hague, Ben"]
[Black "Krstev, Antonio"]
[Result "1-0"]
[WhiteElo "2436"]
[BlackElo "2175"]
[PlyCount "79"]
[EventDate "2012.09.23"]
[EventType "swiss"]
[EventRounds "5"]
[EventCountry "NZL"]
[SourceDate "2012.09.22"]

1. e4 e6 2. Nf3 d5 3. Nc3 Nf6 4. e5 Nfd7 5. d4 c5 6. dxc5 Nc6 7. Bf4 Bxc5 8.
Bd3 a6 9. O-O b5 10. a3 Bb7 11. Qe2 h6 12. Rfe1 Qb6 13. h4 g6 14. Qd2 O-O-O 15.
b4 Bf8 16. Nd1 Qc7 17. a4 bxa4 18. b5 axb5 19. Bxb5 a3 20. Bxc6 Qxc6 21. Nd4
Qa6 22. Re3 Nb6 23. Rb3 Nc4 24. Qc3 Be7 25. Bc1 Kd7 26. Ne3 Rc8 27. Nxc4 Rxc4
28. Qd3 Bc5 29. Nb5 Ra8 30. Qf3 f5 31. exf6 Rxc2 32. Qf4 Bxf2+ 33. Kh1 g5 34.
hxg5 hxg5 35. Qh2 Rf8 36. Qh7+ Kc8 37. Qxc2+ Kb8 38. Qxf2 Rh8+ 39. Kg1 g4 40.
Bf4+ 1-0

[Event "38th North Shore Open-A"]
[Site "North Shore"]
[Date "2012.09.22"]
[Round "2.2"]
[White "Gao, Hans"]
[Black "Li, Zuhao Luke"]
[Result "1/2-1/2"]
[WhiteElo "2189"]
[BlackElo "2333"]
[PlyCount "42"]
[EventDate "2012.09.23"]
[EventType "swiss"]
[EventRounds "5"]
[EventCountry "NZL"]
[SourceDate "2012.09.22"]

1. e4 e6 2. d4 d5 3. exd5 exd5 4. c4 Nf6 5. Nc3 Be7 6. Nf3 O-O 7. Bd3 Bg4 8.
Be3 Nbd7 9. c5 b6 10. cxb6 axb6 11. O-O Re8 12. h3 Be6 13. Bb5 c5 14. Bf4 Ne4
15. Nxe4 dxe4 16. Ne5 Nxe5 17. Bxe5 Bd7 18. Bxd7 Qxd7 19. dxc5 Qxd1 20. Rfxd1
Bxc5 21. Bd4 Rec8 1/2-1/2

[Event "38th North Shore Open-A"]
[Site "North Shore"]
[Date "2012.09.22"]
[Round "2.3"]
[White "McLaren, Leonard J"]
[Black "Koop, Thorben"]
[Result "0-1"]
[WhiteElo "2318"]
[BlackElo "2127"]
[PlyCount "52"]
[EventDate "2012.09.23"]
[EventType "swiss"]
[EventRounds "5"]
[EventCountry "NZL"]
[SourceDate "2012.09.22"]

1. e4 c5 2. c3 d5 3. exd5 Qxd5 4. d4 Nf6 5. Nf3 g6 6. Na3 Bg7 7. Bc4 Qe4+ 8.
Be3 O-O 9. dxc5 Ng4 10. Bd5 Qf5 11. Qb3 Nxe3 12. fxe3 Na6 13. O-O-O e6 14. c6
Nc5 15. Qb4 Nd3+ 16. Rxd3 Qxd3 17. cxb7 Rb8 18. bxc8=Q Rfxc8 19. Qe4 Rxc3+ 20.
bxc3 Qxc3+ 21. Kd1 exd5 22. Qc2 Qxa3 23. Re1 Rb2 24. Qc8+ Bf8 25. Re2 Qd3+ 26.
Rd2 Rb1+ 0-1

[Event "38th North Shore Open-A"]
[Site "North Shore"]
[Date "2012.09.22"]
[Round "2.4"]
[White "Dordevic, Ivan"]
[Black "Steadman, Michael VR"]
[Result "1/2-1/2"]
[WhiteElo "2149"]
[BlackElo "2314"]
[PlyCount "93"]
[EventDate "2012.09.23"]
[EventType "swiss"]
[EventRounds "5"]
[EventCountry "NZL"]
[SourceDate "2012.09.22"]

1. e4 e6 2. d4 d5 3. Nc3 Nc6 4. Nf3 Nf6 5. e5 Ne4 6. Bd3 Bb4 7. Bd2 Nxd2 8.
Qxd2 f6 9. a3 Be7 10. Bb5 O-O 11. Bxc6 bxc6 12. exf6 Rxf6 13. Qe3 c5 14. dxc5
e5 15. O-O-O c6 16. Nxe5 Re6 17. Rhe1 Bf6 18. Qd4 Qe8 19. f4 Rb8 20. Re3 Rb7
21. Rde1 Rbe7 22. b4 a6 23. Na4 g5 24. g3 gxf4 25. gxf4 Rg7 26. Nb6 Ree7 27. c4
dxc4 28. Nbxc4 Be6 29. Nd6 Qh5 30. Ne4 Bh4 31. Qd8+ Qe8 32. Qxe8+ Rxe8 33. Ng3
Bd5 34. Nf5 Bxe1 35. Nxg7 Bf2 36. Re2 Kxg7 37. Rxf2 Kf6 38. Kd2 Kf5 39. Ke3 Rg8
40. Nf3 Re8+ 41. Kd3 Be4+ 42. Ke3 Bd5+ 43. Ne5 Rg8 44. a4 Rg1 45. Rb2 Re1+ 46.
Re2 Rb1 47. b5 1/2-1/2

[Event "38th North Shore Open-A"]
[Site "North Shore"]
[Date "2012.09.22"]
[Round "2.5"]
[White "Pinic, Noel"]
[Black "Milligan, Helen"]
[Result "1-0"]
[WhiteElo "2251"]
[BlackElo "2099"]
[PlyCount "101"]
[EventDate "2012.09.23"]
[EventType "swiss"]
[EventRounds "5"]
[EventCountry "NZL"]
[SourceDate "2012.09.22"]

1. e4 e5 2. Bc4 Nf6 3. d3 c6 4. Qe2 Be7 5. Nf3 d6 6. O-O O-O 7. Bb3 Nbd7 8. c3
Nc5 9. Bc2 Bg4 10. d4 Ne6 11. dxe5 dxe5 12. h3 Bxf3 13. Qxf3 Qc7 14. Nd2 b5 15.
Re1 Rfd8 16. Nf1 Rd7 17. Ng3 Rad8 18. Nf5 Bf8 19. a4 a6 20. Be3 g6 21. Nh6+ Kg7
22. axb5 axb5 23. Ra7 Qb8 24. Ra6 Qc8 25. Rea1 Bc5 26. Nf5+ Kh8 27. Nd6 Rxd6
28. Qxf6+ Kg8 29. Ra8 Qd7 30. Bxc5 Nxc5 31. Qxe5 Nd3 32. Bxd3 Rxd3 33. Rxd8+
Qxd8 34. Ra7 Rd7 35. Rxd7 Qxd7 36. b4 h5 37. Kh2 Kh7 38. f4 Qd2 39. f5 Qe3 40.
fxg6+ fxg6 41. Qd4 Qe1 42. Qd7+ Kh6 43. Qxc6 h4 44. Qxb5 Qxc3 45. Qf1 Qg3+ 46.
Kh1 Qe5 47. Qb1 Qb5 48. e5 Qxe5 49. b5 g5 50. b6 Qb8 51. b7 1-0

[Event "38th North Shore Open-A"]
[Site "North Shore"]
[Date "2012.09.22"]
[Round "2.6"]
[White "Yang, Scott"]
[Black "Duneas, John"]
[Result "1-0"]
[WhiteElo "2103"]
[BlackElo "2226"]
[PlyCount "101"]
[EventDate "2012.09.23"]
[EventType "swiss"]
[EventRounds "5"]
[EventCountry "NZL"]
[SourceDate "2012.09.22"]

1. d4 d5 2. Nf3 Nf6 3. g3 e6 4. c4 Ne4 5. Bg2 Bb4+ 6. Bd2 Nxd2 7. Nbxd2 O-O 8.
O-O c6 9. Qc2 Nd7 10. Rfd1 Re8 11. e4 dxe4 12. Nxe4 Nf6 13. Nfg5 Nxe4 14. Nxe4
Be7 15. Nc3 Qc7 16. Qb3 b6 17. d5 exd5 18. cxd5 Bb7 19. Rac1 Bc5 20. d6 Qd7 21.
Ne4 Re5 22. Nxc5 bxc5 23. f4 Rh5 24. Qa3 Rh6 25. Qxc5 Rd8 26. Bxc6 Bxc6 27.
Qxc6 Qxc6 28. Rxc6 f5 29. b3 Kf8 30. Rc7 a6 31. Rc6 Ra8 32. Rc5 Rf6 33. d7 Rd8
34. Re5 g6 35. Rdd5 Rc6 36. Kf2 Rc2+ 37. Re2 Rc7 38. Red2 Kg7 39. Rd6 Ra7 40.
Ke3 Kh6 41. R2d5 Kg7 42. Kd4 a5 43. Kc5 a4 44. b4 Kf7 45. a3 Rc7+ 46. Kb6 Rc3
47. Rd3 Rc2 48. Rc6 Re2 49. Kc7 Ke7 50. Rdd6 Re3 51. Re6+ 1-0

[Event "38th North Shore Open-A"]
[Site "North Shore"]
[Date "2012.09.22"]
[Round "2.7"]
[White "Lim, Benjamin U"]
[Black "Gunn, Neil J"]
[Result "1-0"]
[WhiteElo "2056"]
[BlackElo "2014"]
[PlyCount "53"]
[EventDate "2012.09.23"]
[EventType "swiss"]
[EventRounds "5"]
[EventCountry "NZL"]
[SourceDate "2012.09.22"]

1. d4 Nf6 2. c4 g6 3. Nc3 Bg7 4. e4 d6 5. f3 O-O 6. Be3 c5 7. d5 e6 8. Qd2 exd5
9. cxd5 Re8 10. Bb5 Bd7 11. a4 a6 12. Bc4 Qa5 13. Ra2 Qb4 14. Qd3 Nh5 15. Bd2
f5 16. Nge2 Qb6 17. O-O Qd8 18. Raa1 fxe4 19. Nxe4 Bf5 20. g4 Bxe4 21. fxe4 Nf6
22. Bg5 h6 23. Bxf6 Bxf6 24. e5 Bg7 25. Qxg6 Qe7 26. e6 Nd7 27. Rf7 1-0

[Event "38th North Shore Open-A"]
[Site "North Shore"]
[Date "2012.09.22"]
[Round "2.9"]
[White "Wright, Caleb"]
[Black "Zhang, William Jiewen"]
[Result "0-1"]
[WhiteElo "1979"]
[BlackElo "1864"]
[PlyCount "96"]
[EventDate "2012.09.23"]
[EventType "swiss"]
[EventRounds "5"]
[EventCountry "NZL"]
[SourceDate "2012.09.22"]

1. d4 e6 2. c4 f5 3. Nc3 Nf6 4. f3 d5 5. e3 c6 6. Nh3 Bd6 7. Qc2 Bc7 8. b3 O-O
9. Bb2 e5 10. dxe5 Bxe5 11. O-O-O Bxc3 12. Qxc3 Qe7 13. Nf4 dxc4 14. Bxc4+ Kh8
15. h4 b5 16. Be2 b4 17. Qd2 Ba6 18. h5 Bxe2 19. Qxe2 Nbd7 20. h6 g6 21. Rhe1
Rae8 22. Qd2 Ne5 23. Qd6 Kg8 24. Rd2 a5 25. Red1 Ned7 26. Qxe7 Rxe7 27. Rd6
Rxe3 28. Rxc6 Ree8 29. Rdd6 Rc8 30. Kb1 Rxc6 31. Rxc6 Kf7 32. Ra6 Re8 33. Rxa5
Re1+ 34. Kc2 g5 35. Nd3 Re2+ 36. Kd1 Rxg2 37. Rxf5 Kg6 38. Rb5 Kxh6 39. Rxb4
Kg6 40. a4 h5 41. a5 h4 42. a6 h3 43. Ne5+ Kf5 44. Ng4 Nxg4 45. fxg4+ Kg6 46.
Be5 Nxe5 47. Rb6+ Kg7 48. Rb7+ Nf7 0-1

[Event "38th North Shore Open-A"]
[Site "North Shore"]
[Date "2012.09.22"]
[Round "2.10"]
[White "Lyall, Simon"]
[Black "Johns, Daniel P"]
[Result "1/2-1/2"]
[WhiteElo "1880"]
[BlackElo "1935"]
[PlyCount "57"]
[EventDate "2012.09.23"]
[EventType "swiss"]
[EventRounds "5"]
[EventCountry "NZL"]
[SourceDate "2012.09.22"]

1. e4 e5 2. Nf3 Nc6 3. d4 exd4 4. Nxd4 Qh4 5. Nc3 Bb4 6. Be2 Qxe4 7. Ndb5 Bxc3+
8. bxc3 Kd8 9. O-O Nf6 10. Nd4 Nxd4 11. cxd4 Rb8 12. Bf3 Qf5 13. Re1 Re8 14.
Rxe8+ Kxe8 15. Qe2+ Qe6 16. c4 Qxe2 17. Bxe2 d6 18. c5 Be6 19. cxd6 cxd6 20.
Bf4 Rd8 21. Re1 Kf8 22. a3 h6 23. Rc1 Nd5 24. Bg3 Ke7 25. Bf3 b6 26. Rc6 Rd7
27. h4 Nf6 28. Rc8 Ne8 29. Bc6 1/2-1/2

[Event "38th North Shore Open-A"]
[Site "North Shore"]
[Date "2012.09.22"]
[Round "2.11"]
[White "Wells, Clinton A"]
[Black "Ang, Alphaeus Wei Ern"]
[Result "1/2-1/2"]
[WhiteElo "1906"]
[BlackElo "1814"]
[PlyCount "73"]
[EventDate "2012.09.23"]
[EventType "swiss"]
[EventRounds "5"]
[EventCountry "NZL"]
[SourceDate "2012.09.22"]

1. d4 Nf6 2. c4 g6 3. Nc3 Bg7 4. e4 d6 5. Be2 O-O 6. Be3 Nbd7 7. Nf3 e5 8. d5
a5 9. O-O h6 10. Ne1 Nc5 11. f3 Ne8 12. Nd3 b6 13. a3 f5 14. b4 Nxd3 15. Bxd3
f4 16. Bf2 g5 17. g4 fxg3 18. Bxg3 h5 19. Be1 Bh3 20. Rf2 Nf6 21. Bf1 Bd7 22.
Rc1 Bh6 23. Bd2 Kh7 24. Bg2 Qe7 25. Be3 g4 26. Bxh6 Kxh6 27. Qd2+ Kg6 28. f4
exf4 29. Rxf4 Nh7 30. Rxf8 Rxf8 31. Ne2 Ng5 32. Nf4+ Kh6 33. Nd3 axb4 34. axb4
Kg6 35. Nf4+ Kh6 36. Nd3 Kg6 37. Nf4+ 1/2-1/2

[Event "38th North Shore Open-A"]
[Site "North Shore"]
[Date "2012.09.22"]
[Round "2.12"]
[White "Yao, Winston"]
[Black "Li, William Xiangwei"]
[Result "1/2-1/2"]
[WhiteElo "1846"]
[BlackElo "1901"]
[PlyCount "128"]
[EventDate "2012.09.23"]
[EventType "swiss"]
[EventRounds "5"]
[EventCountry "NZL"]
[SourceDate "2012.09.22"]

1. e4 c5 2. Nc3 d6 3. f4 Nf6 4. Nf3 Nc6 5. Bb5 e6 6. O-O Bd7 7. d3 Be7 8. Qe1
a6 9. Bxc6 Bxc6 10. Qg3 O-O 11. f5 b5 12. Bh6 Ne8 13. Ng5 e5 14. Nh3 Kh8 15.
Bg5 b4 16. Ne2 Rc8 17. Bxe7 Qxe7 18. Qg5 Qxg5 19. Nxg5 Nf6 20. Nf3 c4 21. Rfd1
cxd3 22. cxd3 Bb5 23. Rd2 Rc7 24. Rc1 Rxc1+ 25. Nxc1 Rc8 26. Ne2 a5 27. b3 h6
28. h3 Kg8 29. Kf2 Kf8 30. Ke3 Ke7 31. Rd1 Rc2 32. Rd2 Rc7 33. Rd1 Rc2 34. Rd2
Rc5 35. d4 exd4+ 36. Nfxd4 Bxe2 37. Nxe2 Re5 38. Ng3 Nxe4 39. Nxe4 d5 40. Rd4
dxe4 41. Rxe4 Kf6 42. g4 Rc5 43. Rc4 Rxc4 44. bxc4 Ke5 45. Kd3 a4 46. h4 f6 47.
h5 a3 48. c5 Kd5 49. c6 b3 50. c7 bxa2 51. c8=Q a1=Q 52. Qe6+ Kc5 53. Qc4+ Kd6
54. Qe6+ Kc5 55. Qc4+ Kb6 56. Qb4+ Kc7 57. Qc5+ Kb7 58. Qb5+ Ka7 59. Qa5+ Kb7
60. Qb5+ Kc7 61. Qc5+ Kd7 62. Qd5+ Ke7 63. Qe6+ Kf8 64. Qc8+ Kf7 1/2-1/2